header

Recognition and difference (Record no. 200403)

MARC details
000 -LEADER
fixed length control field 01328nam a2200361Ia 4500
245 00 - TITLE STATEMENT
Title Recognition and difference
260 ## - PUBLICATION, DISTRIBUTION, ETC. (IMPRINT)
Place of publication London ;
-- Thousand Oaks :
Name of publisher SAGE,
Year of publication 2002.
300 ## - PHYSICAL DESCRIPTION
Number of Pages 282 p.
490 1# - SERIES STATEMENT
Series statement Theory, culture & society
650 #0 - SUBJECT ADDED ENTRY--TOPICAL TERM
Topical Term Identity (Psychology)
Topical Term Multiculturalism.
Topical Term Political sociology.
700 1# - ADDED ENTRY--PERSONAL NAME
Personal name Featherstone, Mike.
Personal name Lash, Scott.
856 40 - ELECTRONIC LOCATION AND ACCESS
Uniform Resource Identifier http://site.ebrary.com/lib/rucke/Doc?id=10567037

No items available.

© 2026 Rongo University
Contact us: librarian | system librarian | Rongo university